| 000 | 00771cam a2200217 4500 | ||
|---|---|---|---|
| 001 | WB3540-04 | ||
| 008 | 000000n1999 000 0 eng u | ||
| 035 | _a(Sirsi) u100467 | ||
| 245 | _aRebuilding work | ||
| 260 | _c1999 | ||
| 490 |
_aFinancial Times _v13 October 1999 |
||
| 520 | _aBritish companies are set to win a large share of the reconstruction work in Kosovo. The government sees this as the first big test for British Trade International, the trade promotion organisation run jointly by the DETR and the Foreign Office. | ||
| 590 | _aWB | ||
| 650 | _aKOSOVO | ||
| 650 | _aFORMER YUGOSLAVIA | ||
| 650 | _aCONSTRUCTION FIRMS | ||
| 650 | _aRECONSTRUCTION WORK | ||
| 650 | _aBRITISH TRADE INTERNATIONAL | ||
| 690 | _aBUILT ENVIRONMENT | ||
| 942 | _n0 | ||
| 999 |
_c60104 _d60104 |
||